Sanat - "Päivänsäde ja menninkäinen" - Statistics

Yleistilastot
  • Tätä visaa on pelattu 341 kertaa
  • Keskiarvotulos 99 / 129
Vastaustilastot
Vastaus % Oikein
päivän
100%
päivänsäde
98%
Päivänsäde
98%
ja
97%
kun
97%
hetken
96%
jäi
96%
viimeinen
96%
jälkeen
95%
kulta
94%
päätti
94%
retken
94%
Aurinko
93%
siskoistaan
93%
kultasiipi
91%
sen
91%
jo
90%
se
90%
en
88%
hämärä
87%
hiipi
87%
menninkäinen
87%
näki
86%
tulevan
86%
eestä
85%
juuri
85%
lentää
85%
vastaan
85%
luolastaan
84%
oli
84%
on
84%
vie
84%
noussut
83%
aikoi
82%
menninkäisen
82%
saa
81%
ei
80%
Säde
80%
hengen
79%
multa
79%
pimeys
79%
voi
79%
pienen
78%
elää
77%
enkä
77%
kuolemaa
77%
mun
77%
niin
77%
peikko
77%
toinen
77%
lapsi
76%
mutta
76%
valon
76%
lennä
75%
mitään
75%
rakastaa
75%
yhtä
75%
yötä
75%
ihanaa
74%
kohta
74%
lähti
74%
nähnyt
74%
sanoi
74%
toivo
74%
valoon
74%
maan
73%
mennä
73%
ole
73%
päällä
73%
kaunis
72%
ellen
71%
hetkeäkään
71%
milloinkaan
71%
poltat
71%
silmiäni
71%
täällä
71%
täytyy
71%
vaikka
71%
heti
70%
miettii
70%
sokeaksi
70%
vastas
70%
vieläkin
70%
ennen
69%
laskua
69%
miksi
68%
pimeässä
68%
tallustaa
68%
eläissäni
66%
haittaa
66%
hän
66%
pois
66%
loisteesi
65%
mutten
65%
sinut
65%
tunsi
65%
leiskuntaa
64%
metsään
64%
näytän
64%
rinnassansa
64%
sulle
64%
vien
64%
tien
63%
armaakseni
62%
olla
62%
Katselivat
60%
toisiansa
60%
kas
58%
kotiluolaan
58%
kanssani
49%
öisin
48%
hyvä
46%
asustaa
42%
käy
41%
kuumaa
40%
Ehtoja vastaavia visoja ei löytynyt
Tulosjakauma
Jokaisen tuloksen saaneiden osuus
Persentiili vastausten määrän mukaan
Tuloshistoriasi
Et ole pelannut tätä visaa